UM Logo

Human resource planning and development. (Record no. 305)

MARC details
000 -LEADER
fixed length control field 00497nam a22001577a 4500
008 - FIXED-LENGTH DATA ELEMENTS--GENERAL INFORMATION
fixed length control field 151201b xxu||||| |||| 00| 0 eng d
020 ## - INTERNATIONAL STANDARD BOOK NUMBER
International Standard Book Number 9789351150961
082 ## - DEWEY DECIMAL CLASSIFICATION NUMBER
Edition number 2014
Classification number DC 658.3
Item number H88
245 ## - TITLE STATEMENT
Title Human resource planning and development.
260 ## - PUBLICATION, DISTRIBUTION, ETC. (IMPRINT)
Place of publication, distribution, etc. UAE:
Name of publisher, distributor, etc. 3G Learning FZ LLC,
Date of publication, distribution, etc. c2014
300 ## - PHYSICAL DESCRIPTION
Extent v, 295 pages:
Other physical details illustrations;
Dimensions 23 cm.
Accompanying material DVD
500 ## - GENERAL NOTE
General note Includes bibliographical references.
650 #0 - SUBJECT ADDED ENTRY--TOPICAL TERM
9 (RLIN) 5950
Topical term or geographic name as entry element Personnel management
650 #0 - SUBJECT ADDED ENTRY--TOPICAL TERM
9 (RLIN) 5951
Topical term or geographic name as entry element Career development
942 ## - ADDED ENTRY ELEMENTS (KOHA)
Source of classification or shelving scheme Dewey Decimal Classification
Koha item type Books
Holdings
Withdrawn status Lost status Source of classification or shelving scheme Damaged status Not for loan Collection code Home library Current library Date acquired Source of acquisition Total Checkouts Full call number Barcode Date last seen Date last checked out Copy number Price effective from Koha item type
    Dewey Decimal Classification     Circulation UM Digos College - LIC UM Digos College - LIC 09/25/2014 Purchased 9 DC 658.3 H88 2014 22315 05/15/2025 07/24/2018 1 12/01/2015 Circulation